000 00323nam a2200133Ia 4500
008 200103s9999||||xx |||||||||||||| ||und||
040 _aIMU-MPC
082 _aColumn-12
100 _aThe nautical Institute
245 0 _aTraining future watchkeepers
260 _bThe nautical Institute
_c1998
300 _a53
942 _cBK
999 _c4763
_d4763